| 000 | 00817nam a22002297a 4500 | ||
|---|---|---|---|
| 005 | 20180504172309.0 | ||
| 010 | _aENG-122890 | ||
| 020 |
_a9789385926792 _c500.00 |
||
| 035 | _aEN-106422 | ||
| 037 | _bDBAD/PUB. | ||
| 082 | _a930.1 | ||
| 245 |
_aProceedings of the national seminar on Salvage archaeology and heritage management in india : _ced. by K.S. Lakshmi; Rukmani Vathanam; P.V. Radhamani [and] V. Rajeswari _b(NSSAHMI-2016) / |
||
| 260 |
_aNew Delhi _bAllied Publishers Private _c2017 |
||
| 270 |
_a1/13-14 Asaf Ali Road , _bNew Delhi _e110002 |
||
| 300 |
_axvi, 99p. _c24cm (pbk) _bill. |
||
| 500 | _aIt include author index | ||
| 700 | _aLakshmi, K.S. | ||
| 700 | _aVathanam, Rukmani | ||
| 700 | _aRadhamani, P.V. | ||
| 700 | _aRajeswari, V. | ||
| 942 |
_2ddc _cEN _h930.1 _mPRO |
||
| 999 |
_c151894 _d151894 |
||